Т. 2, Ч. 2 : Амурская область; Отчет по статистико-экономическому и техническому исследованию золотопромышленности Амурско-Приморского района

Podrobná bibliografie
Parent link:Отчет по статистико-экономическому и техническому исследованию золотопромышленности Амурско-Приморского района/ Комиссия для собрания и разработки сведений о сибирской золотопромышленности и для составления программы исследования золотоносных районов. Т. 2, Ч. 2 : Амурская область.— , 1902-1905
Hlavní autor: Рязанов В. Д.
Shrnutí:Текст в русской дореформенной орфографии
Раздельная пагинация страниц
Печатано по распоряжению Горного Департамента
Jazyk:ruština
Vydáno: 1903
Témata:
Médium: Kniha
KOHA link:https://koha.lib.tpu.ru/cgi-bin/koha/opac-detail.pl?biblionumber=272065

MARC

LEADER 00000nam2a2200000 4500
001 272065
005 20251106155316.0
035 |a (RuTPU)RU\TPU\book\295270 
035 |a RU\TPU\book\204799 
090 |a 272065 
100 |a 20141015d1903 km y0rusy50 ca 
101 0 |a rus 
102 |a RU 
105 |a a p 001zy 
200 0 |a Т. 2, Ч. 2 : Амурская область  |f В. Д. Рязанов 
210 |d 1903 
215 |a XXIII, 932 с.  |c табл. 
300 |a Текст в русской дореформенной орфографии 
300 |a Раздельная пагинация страниц 
300 |a Печатано по распоряжению Горного Департамента 
316 |5 63413507: 51//211  |a На корешке указан в качестве второго автора Л. Л. Тове 
316 |5 63413507: 51//211  |a На титульном листе надпись: "Сч. Мак. 14/X 904 г. с прилож. 6-75" 
317 |5 63413507: 51//211  |a Поступил в НТБ в 1904 г. по счету П. И. Макушина 
317 |5 63413507: 16020  |a Поступил в НТБ в 1918 г. в составе книжного собрания профессора ТТИ Л. Л. Тове 
320 |a Алф. указ.: с. XI-XXIII 
461 1 |0 (RuTPU)RU\TPU\book\377066  |t Отчет по статистико-экономическому и техническому исследованию золотопромышленности Амурско-Приморского района  |f Комиссия для собрания и разработки сведений о сибирской золотопромышленности и для составления программы исследования золотоносных районов  |v Т. 2, Ч. 2 : Амурская область  |d 1902-1905 
606 1 |a Золотодобывающая промышленность  |2 stltpush  |3 (RuTPU)RU\TPU\subj\11869  |9 38750 
610 1 |a горное дело 
610 1 |a золото 
610 1 |a добыча 
610 1 |a статистический анализ 
610 1 |a экономическая статистика 
610 1 |a золотопромысловые предприятия 
610 1 |a труды учёных ТПУ 
610 1 |a Амурская область 
610 1 |a Коллекция ТПУ 
610 1 |a Коллекция Л. Л. Тове 
675 |a 622.342  |v 3 
700 1 |a Рязанов  |b В. Д. 
801 1 |a RU  |b 63413507  |c 20101103 
801 2 |a RU  |b 63413507  |c 20221129  |g RCR 
942 |c BK